000 00416nam a2200181Ia 4500
001 13677
005 20260306164818.0
008 260306t1973||||xx |||||||||||||| ||spa||
041 _aESP
082 _a005.12028
_bF23
100 _aFarina, Mario V.
_eAUT
245 0 _aDiagramas de flujo
260 _c1973
300 _a141 páginas :
_c23 cm.
650 _aGEN
654 _aCCC
942 _cLIB
_dJUS
_fJUS
_2ddc
_n
999 _c13677
_d13677